| 000 | 00382nam a2200157Ia 4500 | ||
|---|---|---|---|
| 008 | 221030s9999 xx 000 0 und d | ||
| 020 | _a8122433791 | ||
| 041 | _aEnglish | ||
| 100 | _aS. K. Duggal | ||
| 245 | 0 |
_aBuilding Materials _cby S. K. Duggal |
|
| 250 | _a4th | ||
| 260 |
_bNew Age International Pub. _aNew Delhi _c2015 |
||
| 300 | _a594 | ||
| 650 | _aCivil | ||
| 942 | _cBK | ||
| 999 |
_c15536 _d15536 |
||